Power plants (Record no. 15530)

000 -LEADER
fixed length control field 00524nam a22002051 4500
001 - CONTROL NUMBER
control field 15530
003 - CONTROL NUMBER IDENTIFIER
control field BD-DhUET
008 - FIXED-LENGTH DATA ELEMENTS--GENERAL INFORMATION
fixed length control field 840327s1956 paua 000 0 eng
040 ## - CATALOGING SOURCE
Original cataloging agency DLC
Transcribing agency DLC
Modifying agency BD-DhUET
082 00 - DEWEY DECIMAL CLASSIFICATION NUMBER
Classification number 621.11
Item number ZER/1956
100 ## - MAIN ENTRY--PERSONAL NAME
Personal name Zerban, Alexander H.
245 10 - TITLE STATEMENT
Title Power plants
250 ## - EDITION STATEMENT
Edition statement 2nd ed.
260 ## - PUBLICATION, DISTRIBUTION, ETC. (IMPRINT)
Place of publication, distribution, etc. Scranton
Name of publisher, distributor, etc. International Textbook
Date of publication, distribution, etc. 1956
300 ## - PHYSICAL DESCRIPTION
Extent vii, 655p.
Other physical details illus.
Dimensions 24 cm.
504 ## - BIBLIOGRAPHY, ETC. NOTE
Bibliography, etc Includes bibliographies
650 #0 - SUBJECT ADDED ENTRY--TOPICAL TERM
Topical term or geographic name as entry element Heat engines
700 ## - ADDED ENTRY--PERSONAL NAME
Personal name Nye, Edwin P.
942 ## - ADDED ENTRY ELEMENTS (KOHA)
Koha item type General Book
Holdings
Location (home branch) Koha issues (times borrowed) Source of classification or shelving scheme Lost status Price effective from Sublocation or collection (holding branch) Shelving location Damaged status Koha normalized classification for sorting Withdrawn status Not for loan Koha item type Date acquired Koha date last seen Koha full call number Koha date last borrowed Piece designation (barcode) Copy number
Central Library, BUET1  2015-03-14Central Library, BUETCirculation section 621_190000000000000_ZER_1957  General Book2015-03-142018-09-24621.19/ZER/19572018-09-01843251
Central Library, BUET   2015-04-23Central Library, BUETCirculation section 621_110000000000000_ZER_1956  General Book2015-04-232015-04-23621.11/ZER/1956 190322
Central Library, BUET   2015-05-06Central Library, BUETCirculation section 621_110000000000000_ZER_1956  General Book2015-05-062015-05-06621.11 ZER/1956 190333
Central Library, BUET   2015-06-14Central Library, BUETReading section 621_190000000000000_ZER_1956  Reading Item2015-06-142015-06-14621.19/ZER/1956 1024